| 000 | 00526nam a2200181Ia 4500 | ||
|---|---|---|---|
| 003 | GCL | ||
| 008 | 140319s9999 xx 000 0 eng d | ||
| 040 |
_aGCL / _cGCL |
||
| 082 | 0 | 4 |
_a428.6402465 _bS P |
| 100 | 1 | _aBRIEGER, NICK | |
| 245 | 1 | 0 |
_aPERSONNEL: NICK BRIEGER AND JEREMY COMFORR / _cBRIEGER, NICK |
| 260 |
_a[S.N] : _bPRENTICE LANGUAGE TEACHING ، _c1992 |
||
| 300 | _a274 P | ||
| 650 | 0 | 4 | _aENGLISH LANGUAGE |
| 650 | 0 | 4 | _aBUSSINESS PROBLEMS, LANGUAGE REFERENCE |
| 650 | 0 | 4 | _aPERSONNEL MANAGEMENT |
| 942 |
_2ddc _cBK |
||
| 999 |
_c10940 _d10940 |
||